Hotel California

में बचाया:
ग्रंथसूची विवरण
मुख्य लेखक: Azzaroni Alessandro
स्वरूप: पुस्तक
भाषा:अज्ञात या अवैध भाषा
प्रकाशित: Viterbo Stampa Alternativa 1998
टैग: टैग जोड़ें
कोई टैग नहीं, इस रिकॉर्ड को टैग करने वाले पहले व्यक्ति बनें!

MARC

LEADER 00000nam a2200000Ia 4500
001 479
003 NUMERAZIONE-ORIGINALE-BRESCIA
005 20260206230753.0
008 260206s9999 xx 000 0 und d
100 |a Azzaroni Alessandro 
245 0 |a Hotel California 
260 |a Viterbo 
260 |b Stampa Alternativa 
260 |c 1998 
500 |a Eretica 
942 |2 ddc  |c BK  |n 0 
952 |0 0  |1 0  |2 ddc  |4 0  |6 25  |7 0  |9 28605  |a BS  |b BS  |d 2026-02-06  |i 479  |l 0  |o 2-5-*  |r 2026-02-06 22:40:39  |w 2026-02-06  |x [REVISIONARE]  |y BK 
999 |c 24264  |d 24264